追捕銅鑼衛門 : 謀殺在雲端

資料類型: Book 圖書   書目號:46864

Leader xxxxxxxxxx
001 __ PCLIS00046864
005 __ 20131223111145.0008
010 0_ |a978-986-88833-7-6|b平裝|d新台幣280元
020 __ |atw|b102019569
042 __ |anbic
100 __ |a20131223d2013       y0chiy50      e
101 0_ |achi
102 __ |atw
105 __ |ay   z   000ay
200 1_ |a追捕銅鑼衛門|e謀殺在雲端|f寵物先生著
205 __ |a
210 __ |a新北市|c讀癮出版|c遠足文化發行|d2013[民102]
215 0_ |a300面|c|d21公分
225 2_ |a讀本|v2
300 __ |a
461 _0 |12001 |a讀本|v2
681 __ |a857.81|b3222-2
700 _0 |a寵物先生|b|4702 __ |a|b|4
801 _0 |atw|b靜宜|gCCR|c20131223
詳細館藏(共 1 筆)
索 書 號登 錄 號冊次號館別 / 館藏地流通類型狀態加入預約清單電子資源
857.81 / 8387 2019385  圖書館 / 一樓普通區 可外借30天 在館   

| 條列資料




目錄查詢 分類查詢 個人資料 圖書薦購 新書查詢 閉館日 排行榜 更多電子資源 Hami書城 線上資料庫 登出

From : 216.73.217.87

  本日流通累計至 21:58:44 借閱 : 1 次 續借 : 0 次 歸還 : 2 次 預約 : 0 次 電子資源 : 0 次


內湖高中圖書館  PCLIS 版本  26.5.0.12